| 000 | 00773nam a2200205 i 4500 | ||
|---|---|---|---|
| 001 | 78424 | ||
| 003 | ES-MaACL | ||
| 005 | 20250210063110.0 | ||
| 007 | t| | ||
| 008 | 041014s1915 gw ||||1| ger d | ||
| 100 | 1 |
_aHaupt, Stephan Odon. _962097 |
|
| 245 | 1 | 0 |
_aWirkt die Tragödie auf das Gemüt oder den Verstand oder die Moralität der Zuschauer? _b: oder Der aus dem Schriften des Aristoteles erbrachte wissenschaftliche Beweis für die intellektualistische Bedeuntung von "Katharsis" / _cvon Stephan Odon Kaupt. |
| 260 |
_aBerlin : _b[s.n., _c1915] |
||
| 300 | _av. | ||
| 490 | 1 |
_aBibliothek für philosophie ; _v12 |
|
| 830 | 0 |
_aBibliothek für philosophie ; _v12 _9182914 |
|
| 852 |
_aES-MaACL _jT-1454-F-8 |
||
| 942 | _2udc | ||
| 999 |
_c78424 _d78424 |
||